书目信息 |
| 题名: |
动物生理学实验
|
|
| 作者: | 杨秀平 , 肖向红 主编 | |
| 分册: | ||
| 出版信息: | 北京 高等教育出版社 2009.09 |
|
| 页数: | 259页 | |
| 开本: | 26cm | |
| 丛书名: | ||
| 单 册: | ||
| 中图分类: | Q4-33 | |
| 科图分类: | ||
| 主题词: | 动物学--dong wu xue--生理学--实验--高等教育--教材 , 动物学--dong wu xue , 生理学--sheng li xue | |
| 电子资源: | ||
| ISBN: | 978-7-04-027481-3 | |
| 000 | 01126nam0 2200301 450 | |
| 001 | 2033468955 | |
| 005 | 20201122095303.69 | |
| 010 | @a978-7-04-027481-3@dCNY24.80 | |
| 100 | @a20100505e20192009em y0chiy50 ea | |
| 101 | 0 | @achi |
| 102 | @aCN@b110000 | |
| 105 | @aa z 000yy | |
| 106 | @ar | |
| 200 | 1 | @a动物生理学实验@9dong wu sheng li xue shi yan@dLaboratory manual in animal physiology@f杨秀平, 肖向红主编@zeng |
| 205 | @a2版 | |
| 210 | @a北京@c高等教育出版社@d2009.09@h2019.12 | |
| 215 | @a259页@c图@d26cm | |
| 300 | @a普通高等教育“十一五”国家级规划教材 | |
| 330 | @a本书分三个部分:第一部分总论,为基础性实验技术、技能的训练及重要的仪器设备的应用;第二部分各论是经典的基础性和综合性实验;第三部分为综合设计性实验和实验新技术。 | |
| 510 | 1 | @aLaboratory manual in animal physiology@zeng |
| 606 | 0 | @a动物学@9dong wu xue@x生理学@x实验@x高等教育@j教材 |
| 606 | 0 | @a动物学@9dong wu xue |
| 606 | 0 | @a生理学@9sheng li xue |
| 690 | @aQ4-33@v5 | |
| 701 | 0 | @a杨秀平@9yang xiu ping@4主编 |
| 701 | 0 | @a肖向红@9xiao xiang hong@4主编 |
| 801 | 0 | @aCN@bBJSZM@c20201120 |
| 905 | @b1244092-5@dQ4-33@e38=2@f4 | |
| 动物生理学实验=Laboratory manual in animal physiology/杨秀平, 肖向红主编.-2版.-北京:高等教育出版社,2009.09(2019.12) |
| 259页:图;26cm |
| 普通高等教育“十一五”国家级规划教材 |
| ISBN 978-7-04-027481-3:CNY24.80 |
| 本书分三个部分:第一部分总论,为基础性实验技术、技能的训练及重要的仪器设备的应用;第二部分各论是经典的基础性和综合性实验;第三部分为综合设计性实验和实验新技术。 |
| ● |
| 相关链接 |
|
|
|
|
正题名:动物生理学实验
索取号:Q4-33/38=2
 
预约/预借
| 序号 | 登录号 | 条形码 | 馆藏地/架位号 | 状态 | 备注 |
| 1 | 1244092 | 212440928 | 第二样本阅览室/ [索取号:Q4-33/38=2] | 在馆 | |
| 2 | 1244093 | 212440937 | 第三借阅区/ [索取号:Q4-33/38=2] | 在馆 | |
| 3 | 1244094 | 212440946 | 第三借阅区/ [索取号:Q4-33/38=2] | 在馆 | |
| 4 | 1244095 | 212440955 | 第三借阅区/ [索取号:Q4-33/38=2] | 在馆 |